К 120-летию лауреата ленинской премии профессора М. К. Коровина (1883-1956); Известия Томского политехнического университета [Известия ТПУ]; Т. 305, вып. 8 : Геология и разработка нефтяных и газовых месторождений

Dades bibliogràfiques
Parent link:Известия Томского политехнического университета [Известия ТПУ]/ Томский политехнический университет (ТПУ).— , 2000-
Т. 305, вып. 8 : Геология и разработка нефтяных и газовых месторождений.— 2002.— [С. 6-9]
Autor principal: Васильев Б. Д. Борис Дмитриевич
Sumari:Заглавие с титульного листа
Электронная версия печатной публикации
Статья посвящена 120-летнию Коровина Михаила Калинниковича, выпускника Томского технологического института, доктора геолого-минералогических наук, профессора, лауреата Государственной премии СССР, Заслуженного деятеля науки и техники России.
Idioma:rus
Publicat: 2002
Matèries:
Accés en línia:http://www.lib.tpu.ru/fulltext/v/Bulletin_TPU/2002/v305/i8/01.pdf
Format: MixedMaterials Electrònic Capítol de llibre
KOHA link:https://koha.lib.tpu.ru/cgi-bin/koha/opac-detail.pl?biblionumber=166829

MARC

LEADER 00000nla2a2200000 4500
001 166829
005 20231101222640.0
035 |a (RuTPU)RU\TPU\book\180960 
035 |a RU\TPU\book\180815 
090 |a 166829 
100 |a 20091007d2002 k y0rusy50 ca 
101 0 |a rus 
102 |a RU 
135 |a drnn ---uucaa 
181 0 |a i  
182 0 |a b 
200 1 |a К 120-летию лауреата ленинской премии профессора М. К. Коровина (1883-1956)  |b Электронный ресурс  |f Б. Д. Васильев 
203 |a Текст  |c электронный 
215 |a 1 файл (1 Мб) 
230 |a Электронные текстовые данные (1 файл : 1 Мб) 
300 |a Заглавие с титульного листа 
300 |a Электронная версия печатной публикации 
330 |a Статья посвящена 120-летнию Коровина Михаила Калинниковича, выпускника Томского технологического института, доктора геолого-минералогических наук, профессора, лауреата Государственной премии СССР, Заслуженного деятеля науки и техники России. 
337 |a Adobe Reader 
461 1 |0 (RuTPU)RU\TPU\book\176237  |t Известия Томского политехнического университета [Известия ТПУ]  |f Томский политехнический университет (ТПУ)  |d 2000- 
463 1 |0 (RuTPU)RU\TPU\book\180913  |t Т. 305, вып. 8 : Геология и разработка нефтяных и газовых месторождений  |o тематический выпуск  |v [С. 6-9]  |d 2002  |p 279 с. 
600 1 |a Коровин  |b М. К.  |c российский геолог  |c профессор Томского технологического института  |f 1883-1956  |g Михаил Калинникович  |y Томск  |2 stltpush  |3 (RuTPU)RU\TPU\pers\13856  |9 4368 
610 1 |a труды учёных ТПУ 
610 1 |a электронный ресурс 
610 1 |a лауреаты Ленинской премии 
610 1 |a профессора ТТИ 
610 1 |a ученые 
610 1 |a юбилеи 
610 1 |a горючие ископаемые 
610 1 |a палеонтология 
610 1 |a стратиграфия 
610 1 |a тектоника 
700 1 |a Васильев  |b Б. Д.  |c доцент Томского политехнического университета, кандидит геолого-минералогических наук  |c заслуженный геолог РФ, первооткрыватель месторождения  |f 1932-  |g Борис Дмитриевич  |2 stltpush  |3 (RuTPU)RU\TPU\pers\22759 
801 1 |a RU  |b 63413507  |c 20090623  |g PSBO 
801 2 |a RU  |b 63413507  |c 20210421  |g PSBO 
856 4 |u http://www.lib.tpu.ru/fulltext/v/Bulletin_TPU/2002/v305/i8/01.pdf 
942 |c CF